Click on the African Country - Statistics

General Stats
  • This quiz has been taken 98 times
  • The average score is 31 of 54
Answers on the Map
Answers color-coded by a green-red scale on the quiz's map according to % correct below.
 
Answer Stats
Answer % Correct
Algeria
92%
Angola
79%
Benin
75%
Egypt
67%
Botwana
65%
Libya
65%
Burkina Faso
63%
Comoros
63%
Democratic Republic of the Congo
63%
Madagascar
63%
Ethiopia
62%
Nigeria
62%
Sudan
62%
Cape Verde
60%
Central African Republic
60%
South Africa
60%
South Sudan
60%
Chad
58%
Côte d’Ivoire
58%
Eritrea
58%
Eswatini
58%
Gambia
58%
Kenya
58%
Malawi
58%
Mali
58%
Morocco
58%
Somalia
58%
Tanzania
58%
Tunisia
58%
Burundi
56%
Cameroon
56%
Djibouti
56%
Equatorial Guinea
56%
Gabon
56%
Ghana
56%
Lesotho
56%
Namibia
56%
Niger
56%
Rwanda
56%
Senegal
56%
Liberia
54%
Mauritania
54%
Republic of the Congo
54%
Zimbabwe
54%
Mauritius
52%
São Tomé and Príncipe
52%
Seychelles
52%
Sierra Leone
52%
Uganda
52%
Mozambique
50%
Togo
50%
Zambia
48%
Guinea
44%
Guinea-Bissau
44%
No matching quizzes found
Score Distribution
Percent of People with Each Score
Percentile by Number Answered
Your Score History
You have not taken this quiz